000 00690nam a2200169 a 4500
001 000369028
003 AM-YeHGA
005 20250617131841.0
008 041013s1924 tu 000 | arm d
040 _aAM-YeHGA
041 0 _aarm
245 0 0 _aԱքլոր եղբայր կամ մանկան մը պատմութիւնը :
_bԲարոյավէպ առածալից իմաստիւք.
260 _aԿ. Պոլիս :
_bտպ. Կիւթէմպէրկ Կ. Մագասճեան եւ ընկ :
_bՊիմէն Զարդարեան գրատան հրատ.,
_c1924.
300 _a64 էջ ;
_c20 սմ.
650 1 4 _aՀամաշխարհային մանկական գրականություն
_xՎիպակ
090 _c142477
999 _c141097
_d141097